000 00638nam a2200241Ia 4500
003 OSt
005 20220918221157.0
006 a|||||r|||| 00| 0
007 ta
008 220917b |||||||| |||| 00| 0 eng d
024 _a148,607
037 _cTextual
040 _aARTS
_cARTS
_beng
041 _2eng
_aeng
082 _aTh3:N02, J21
110 _aUniversity Of London, Institute Of Education
_9139423
245 0 _aJubilee lectures
260 _c1952
650 _aEDUCATION
700 _aUniversity Of London, Institute Of Education
_9139424
942 _hTh3:N02, J21
_cTEXL
_2CC
999 _c271284
_d271284